000 00992nam a2200265Ia 4500
003 GCL
008 140319s9999 xx 000 0 ara d
020 _a4205410977
040 _aGCL /
_cGCL
082 0 4 _a372.218
_bز ن
100 1 _aزكريا الشربينى
245 1 0 _aنحو رياض الاطفال الذكية :
_bتعليم وتعلم الاطفال باستخدام الكمبيوتر /
_cزكريا الشربينى
250 _aالاولى
260 _aالقاهرة :
_bدار الفكر العربى ،
_c2006
300 _a111 ص ؛
_c24 سم
650 0 4 _aرياض الاطفال
650 0 4 _aتعليم الاطفال
650 0 4 _aالتعليم - وسائل سمعية و بصرية
650 0 4 _aالتعليم الذاتى
650 0 4 _aالتعليم بالحاسبات الالكترونية
650 0 4 _aالتعليم التعاونى
650 0 4 _aذكاء الاطفال
650 0 4 _aالتعليم بالانترنت
942 _2ddc
_cBK
999 _c9623
_d9623